| 000 | 00355nam a22001337a 4500 | ||
|---|---|---|---|
| 008 | 230704b xxu||||| |||| 00| 0 eng d | ||
| 020 | _a0333239938 | ||
| 082 |
_a339.5 _bLEV |
||
| 100 | _cRosalind Levacic | ||
| 245 |
_aMacroeconomics _bThe Static and dynamic Analysis of a modern Economy |
||
| 260 |
_bMacmillan _c1978 |
||
| 300 | _a374p | ||
| 942 |
_2ddc _cBK |
||
| 999 |
_c3558 _d3558 |
||